00700nac a22002171u 4500010001600000082001500016090001500031100003400046245005700080250001200137260004100149300002100190500002900211504003900240511002600279650001600305700002600321942001700347999001500364952010300379 a 7590365300a025.3bKUM c7118d7118 aGirja Kumar, 10aTheory of cataloguing /cGirja Kumar, Krishan Kumar. a5th ed. aDelhi :bVikas Pub. House,1986c1986 a384 p. ;c22 cm. adistributed by: Al-Ahram aIncludes bibliographies and index. acatalogued by: wessam 0aCataloging.0 aKrishan Kumar,d1933- cBBk025.3KUM c7118d7118 00104070aMAINbMAINcLOWd2008-01-03ePurchasel0o025.3KUMp000008290r2025-07-15 00:00:00yBB